000 00451nam a2200169Ia 4500
003 GCL
008 140319s9999 xx 000 0 ara d
040 _aGCL /
_cGCL
082 0 4 _a081
_bف م
100 1 _aفهمى هويدى
245 1 0 _aالمقالات المحظورة /
_cفهمى هويدى
300 _a327 ص
490 _a
650 0 4 _aالمقالات
650 0 4 _aالمقالات العربية - مجموعات
942 _2ddc
_cBK
999 _c52315
_d52315